00522nam a2200109Ia 4500008004100000100003400041245008600075245012200161260005300283650001500336856006100351170221s9999 xx 000 0 und d aLudmila Nikolaevna Derkacheva aMarine Tourism in the South East of Russia: The State and Development Tendencies  cLudmila Nikolaevna Derkacheva, Alexander Borisovish Kosolapov, Elena Vasilevna Galenko, Elena Vladimirovna Makartseva bInternational Review of Management and Marketing xMarketing. uhttp://www.econjournals.com/index.php/irmm/issue/view/88